Episodios nacionales

I tiakina i:
Ngā taipitopito rārangi puna kōrero
Kaituhi matua: Brieba, Liborio (Author)
Hōputu: Pukapuka
Reo:Pāniora
I whakaputaina: Santiago Andrés Bello 2000
Putanga:1a. ed
Ngā marau:
Ngā Tūtohu: Tāpirihia he Tūtohu
Kāore He Tūtohu, Me noho koe te mea tuatahi ki te tūtohu i tēnei pūkete!

MARC

LEADER 00000nam a2200000 a 4500
001 UCI2549
003 CL-VaPUC
008 070831e20000000CL |||||||||||||||||spa|d
020 |a 9561316153o.c 
020 |a 956131617Xv.2 
020 |a 9561316188v.3 
082 0 4 |a Ch863  |b BRI  |2 21 
100 |a Brieba, Liborio  |e author  |9 420139 
245 1 0 |a Episodios nacionales 
250 |a 1a. ed 
300 |a 3 v 
942 |c BK 
945 |d 20070831 00:00:00  |a rbrito 
260 |a Santiago  |b Andrés Bello  |c 2000 
650 0 |a Novelas chilenas   |9 265425 
583 |a last modification  |c 20070831 00:00:00  |k Rodrigo Vera 
999 |c 327053  |d 327051 
952 |0 0  |1 0  |4 0  |6 CH_863_000000000000000_BRI_2000  |7 0  |8 A  |9 409451  |a BIBGIM  |b BIBGIM  |d 2019-11-22  |h v.1  |i 3711218  |o Ch863 BRI 2000  |p 3711218  |r 2025-01-15  |w 2019-11-22  |y BK  |k CUG 
952 |0 0  |1 0  |4 0  |6 CH_863_000000000000000_BRI_2000  |7 0  |8 A  |9 409452  |a BIBGIM  |b BIBGIM  |d 2019-11-22  |h v.2  |i 3711226  |o Ch863 BRI 2000  |p 3711226  |r 2025-01-15  |w 2019-11-22  |y BK  |k CUG 
952 |0 0  |1 0  |4 0  |6 CH_863_000000000000000_BRI_2000  |7 0  |8 A  |9 409453  |a BIBGIM  |b BIBGIM  |d 2019-11-22  |h v.3  |i 3711234  |o Ch863 BRI 2000  |p 3711234  |r 2025-01-15  |w 2019-11-22  |y BK  |k CUG 
952 |0 0  |1 0  |4 0  |6 CH_863_000000000000000_BRI_2000  |7 0  |8 A  |9 409454  |a BIBING  |b BIBING  |d 2019-11-22  |h v.1  |i 3711544  |o Ch863 BRI 2000  |p 3711544  |r 2025-01-20  |w 2019-11-22  |y BK  |k CUI 
952 |0 0  |1 0  |4 0  |6 CH_863_000000000000000_BRI_2000  |7 0  |8 A  |9 409455  |a BIBING  |b BIBING  |d 2019-11-22  |h v.2  |i 3711552  |o Ch863 BRI 2000  |p 3711552  |r 2025-01-20  |w 2019-11-22  |y BK  |k CUI 
952 |0 0  |1 0  |4 0  |6 CH_863_000000000000000_BRI_2000  |7 0  |8 A  |9 409456  |a BIBING  |b BIBING  |d 2019-11-22  |h v.3  |i 3711560  |o Ch863 BRI 2000  |p 3711560  |r 2025-01-20  |w 2019-11-22  |y BK  |k CUI